Sir Norman Foster /

Salvato in:
Dettagli Bibliografici
Autore principale: Jodidio, Philip (Autore)
Natura: Libro
Lingua:inglese
Pubblicazione: Köln : Taschen GmbH, 2001
Edizione:1. vydanie
Soggetti:
Tags: Aggiungi Tag
Nessun Tag, puoi essere il primo ad aggiungerne!!

MARC

LEADER 00000nam a22000003a 4500
001 0118787
003 SK-STU
005 20251210133035.7
007 ta
008 251210s ----xo-----e------000-0-----d
020 |a 3-8228-6419-6 
040 |a STU  |b slo 
041 0 |a eng 
044 |a gw 
100 1 |a Jodidio, Philip  |4 aut 
245 1 0 |a Sir Norman Foster /  |c aut. Philip Jodidio 
250 |a 1. vydanie 
260 |a Köln :  |b Taschen GmbH,  |c 2001 
300 |a 175 s. 
650 0 7 |a Foster, Norman 
650 0 7 |a architektonické dielo 
996 |b 284AU10529  |c A* 13701/U  |l AAKNAR  |s A  |a 24  |w 0118787_0001